[Event "RUS-ch Higher League 77th"]
[Site "Lipetsk"]
[Date "2025.07.04"]
[Round "8"]
[White "Nesterov, Arseniy"]
[Black "Zvjaginsev, Vadim"]
[Result "1/2-1/2"]
[WhiteElo "2599"]
[BlackElo "2540"]
[PlyCount "61"]
[EventDate "2025.06.26"]
[EventType "swiss"]
[EventRounds "9"]
[EventCountry "RUS"]
[SourceTitle "CB28_2025"]
[SourceDate "2025.07.09"]
[SourceVersion "1"]
[SourceVersionDate "2025.07.09"]
[SourceQuality "1"]

1. d4 d5 2. c4 e6 3. Nf3 Nf6 4. Nc3 Be7 5. g3 0-0 6. Bg2 Nbd7 7. Qd3 a6 8. b3 c5 9. cxd5 cxd4 10. Qxd4 Nxd5 11. Nxd5 exd5 12. Bb2 Bf6 13. Qd2 Bxb2 14. Qxb2 Nf6 15. 0-0 Be6 16. Rac1 Qb6 17. Nd4 Rac8 18. e3 h6 19. Ne2 a5 20. Qd2 Rfd8 21. Nf4 Rc6 22. h3 Rdc8 23. Rxc6 bxc6 24. Rc1 c5 25. Nxd5 Bxd5 26. Bxd5 Rd8 27. e4 Nxe4 28. Qf4 Rxd5 29. Qxe4 Qd8 30. Kg2 g5 31. Re1 1/2-1/2

[Event "RUS-ch Higher League 77th"]
[Site "Lipetsk"]
[Date "2025.07.03"]
[Round "7"]
[White "Zvjaginsev, Vadim"]
[Black "Popov, Konstantin"]
[Result "1-0"]
[WhiteElo "2540"]
[BlackElo "2391"]
[PlyCount "103"]
[EventDate "2025.06.26"]
[EventType "swiss"]
[EventRounds "9"]
[EventCountry "RUS"]
[SourceTitle "CB28_2025"]
[SourceDate "2025.07.09"]
[SourceVersion "1"]
[SourceVersionDate "2025.07.09"]
[SourceQuality "1"]

1. c4 e6 2. g3 Nf6 3. Bg2 d5 4. Nf3 d4 5. 0-0 c5 6. e3 Nc6 7. d3 Bd6 8. exd4 cxd4 9. Bg5 h6 10. Bxf6 Qxf6 11. Nbd2 Qe7 12. a3 a5 13. Qc2 0-0 14. Rac1 a4 15. Rfe1 Rd8 16. c5 Bc7 17. Ne4 Bd7 18. Nfd2 Na5 19. f4 Bc6 20. Qd1 Qd7 21. Qg4 Kf8 22. Qh3 Ra6 23. Re2 Bd5 24. Rf1 f5 25. Nd6 Bxd6 26. Bxd5 Bxf4 27. Bxe6 Rxe6 28. Qxf5+ Rf6 29. Qxd7 Rxd7 30. Rxf4 Rxf4 31. gxf4 g6 32. Kg2 Rd5 33. Ne4 Kf7 34. h4 Rh5 35. Nd6+ Kf6 36. Ne4+ Kf7 37. Nd6+ Kf6 38. Kg3 Rd5 39. Ne8+ Kf7 40. Nd6+ Kf6 41. Kf3 Nb3 42. Nxb7 Rd7 43. c6 Rc7 44. Rc2 Na1 45. Nd6 Nxc2 46. Ne8+ Ke6 47. Nxc7+ Kd6 48. Nd5 Kxc6 49. Ne7+ Kd6 50. Nxg6 Kd5 51. Ne7+ Ke6 52. Ng8 1-0

[Event "RUS-ch Higher League 77th"]
[Site "Lipetsk"]
[Date "2025.06.29"]
[Round "4"]
[White "Zvjaginsev, Vadim"]
[Black "Najer, Evgeniy"]
[Result "1/2-1/2"]
[WhiteElo "2540"]
[BlackElo "2614"]
[PlyCount "35"]
[EventDate "2025.06.26"]
[EventType "swiss"]
[EventRounds "9"]
[EventCountry "RUS"]
[SourceTitle "CB28_2025"]
[SourceDate "2025.07.09"]
[SourceVersion "1"]
[SourceVersionDate "2025.07.09"]
[SourceQuality "1"]

1. e4 c5 2. Nf3 e6 3. g3 Nc6 4. Bg2 Nf6 5. d3 d6 6. 0-0 Be7 7. c3 0-0 8. a3 c4 9. dxc4 Nxe4 10. Nd4 d5 11. Re1 Nxd4 12. cxd4 Bd7 13. cxd5 exd5 14. Nd2 Nxd2 15. Bxd2 Be6 16. Bb4 Bxb4 17. axb4 Qd7 18. Qd2 1/2-1/2

[Event "RUS-ch Higher League 77th"]
[Site "Lipetsk"]
[Date "2025.06.28"]
[Round "3"]
[White "Zvjaginsev, Vadim"]
[Black "Lobanov, Sergei"]
[Result "1/2-1/2"]
[WhiteElo "2540"]
[BlackElo "2548"]
[PlyCount "29"]
[EventDate "2025.06.26"]
[EventType "swiss"]
[EventRounds "9"]
[EventCountry "RUS"]
[SourceTitle "CB28_2025"]
[SourceDate "2025.07.09"]
[SourceVersion "1"]
[SourceVersionDate "2025.07.09"]
[SourceQuality "1"]

1. Nf3 Nf6 2. g3 b5 3. Bg2 Bb7 4. 0-0 e6 5. d3 c5 6. e4 d6 7. b3 Be7 8. Bb2 0-0 9. Nbd2 Nc6 10. Re1 Qc7 11. d4 cxd4 12. Nxd4 Nxd4 13. Bxd4 e5 14. Bb2 a5 15. Rc1 1/2-1/2

[Event "Moscow Aeroflot op-A"]
[Site "Moscow"]
[Date "2025.03.06"]
[Round "9"]
[White "Pingin, Artem"]
[Black "Zvjaginsev, Vadim"]
[Result "1/2-1/2"]
[WhiteElo "2432"]
[BlackElo "2545"]
[PlyCount "96"]
[EventDate "2025.03.01"]
[EventType "swiss"]
[EventRounds "9"]
[EventCountry "RUS"]
[SourceTitle "CB11_2025"]
[SourceDate "2025.03.12"]
[SourceVersion "1"]
[SourceVersionDate "2025.03.12"]
[SourceQuality "1"]

1. e4 c5 2. c3 Nf6 3. e5 Nd5 4. d4 cxd4 5. cxd4 e6 6. Nf3 b6 7. Bc4 Ba6 8. b3 Be7 9. 0-0 0-0 10. Qe2 b5 11. Bxb5 Bxb5 12. Qxb5 Qb6 13. Qd3 Qa6 14. Qxa6 Nxa6 15. Ba3 Nab4 16. Bxb4 Bxb4 17. a3 Be7 18. Nbd2 Rfc8 19. Nc4 Rab8 20. Nfd2 f5 21. g3 Nc3 22. Rfe1 Nb5 23. Re3 Nxd4 24. Rd3 Nxb3 25. Nxb3 Rxc4 26. Rxd7 Kf8 27. Na5 Rc2 28. Nb7 Ke8 29. Rad1 a6 30. h4 g6 31. a4 h6 32. R1d3 g5 33. h5 g4 34. Rd1 Rc6 35. Kg2 Rc2 36. Kg1 Rb2 37. Na5 Rc8 38. Ra7 f4 39. gxf4 g3 40. Nb7 gxf2+ 41. Kg2 Kf8 42. Nd6 Rcb8 43. Rf1 Bh4 44. Rc7 R8b4 45. f5 exf5 46. Nxf5 Rf4 47. Nxh4 Rxh4 48. Rxf2+ Rxf2+ 1/2-1/2

[Event "Moscow Aeroflot op-A"]
[Site "Moscow"]
[Date "2025.03.04"]
[Round "6"]
[White "Zvjaginsev, Vadim"]
[Black "Remizov, Yaroslav"]
[Result "1/2-1/2"]
[WhiteElo "2545"]
[BlackElo "2425"]
[PlyCount "20"]
[EventDate "2025.03.01"]
[EventType "swiss"]
[EventRounds "9"]
[EventCountry "RUS"]
[SourceTitle "CB11_2025"]
[SourceDate "2025.03.12"]
[SourceVersion "1"]
[SourceVersionDate "2025.03.12"]
[SourceQuality "1"]

1. d4 d5 2. c4 dxc4 3. Nf3 Nf6 4. e3 e6 5. Bxc4 c5 6. 0-0 a6 7. a4 cxd4 8. exd4 Nc6 9. Nc3 Be7 10. d5 exd5 1/2-1/2

[Event "Moscow Aeroflot op-A"]
[Site "Moscow"]
[Date "2025.03.01"]
[Round "1"]
[White "Korobkov, Piotr"]
[Black "Zvjaginsev, Vadim"]
[Result "1/2-1/2"]
[WhiteElo "2361"]
[BlackElo "2545"]
[PlyCount "149"]
[EventDate "2025.03.01"]
[EventType "swiss"]
[EventRounds "9"]
[EventCountry "RUS"]
[SourceTitle "CB11_2025"]
[SourceDate "2025.03.12"]
[SourceVersion "1"]
[SourceVersionDate "2025.03.12"]
[SourceQuality "1"]

1. d4 Nf6 2. c4 g6 3. g3 Bg7 4. Bg2 0-0 5. Nc3 d6 6. Nf3 a5 7. Nh4 e5 8. Nf3 Na6 9. 0-0 Nb8 10. b3 Na6 11. e4 Bg4 12. Be3 Qc8 13. Qd2 Re8 14. Rfe1 exd4 15. Nxd4 Nc5 16. f3 Bh3 17. Ndb5 Bxg2 18. Kxg2 b6 19. Rad1 Qb7 20. Bg5 Ne6 21. Bh6 Bh8 22. Nd5 Rad8 23. Be3 Nd7 24. h4 Qb8 25. Nd4 Nxd4 26. Bxd4 Bxd4 27. Qxd4 h5 28. Re2 c6 29. Ne3 Nc5 30. Red2 Qc7 31. g4 Qe7 32. g5 Rf8 33. Qf6 Qxf6 34. gxf6 Nb7 35. Nc2 Rfe8 36. Nd4 Rc8 37. a3 Nc5 38. b4 axb4 39. axb4 Nd7 40. b5 Ne5 41. Nxc6 Nxc6 42. bxc6 Rxc6 43. Rxd6 Rxc4 44. Rxb6 Rc5 45. Rbd6 Kh7 46. Rd7 Rf8 47. R1d5 Rc6 48. e5 g5 49. hxg5 Kg6 50. f4 Ra8 51. Kf3 Ra1 52. e6 Ra3+ 53. Rd3 Rxd3+ 54. Rxd3 Rxe6 55. Rd8 Ra6 56. Rd5 Ra4 57. Kg3 Ra3+ 58. Kf2 Rb3 59. Re5 Ra3 60. Re3 Ra4 61. Kg3 Rb4 62. Re8 Rb1 63. Rh8 Rb3+ 64. Kh4 Rf3 65. Rg8+ Kf5 66. Rf8 Rxf4+ 67. Kxh5 Rg4 68. Rg8 Rg2 69. Kh6 Ra2 70. Rb8 Rh2+ 71. Kg7 Ke6 72. Rb6+ Kf5 73. g6 Ra2 74. Kxf7 Ra7+ 75. Kg8 1/2-1/2

[Event "Moscow Dvoretsky Memorial Rapid"]
[Site "Moscow"]
[Date "2025.01.13"]
[Round "5.4"]
[White "Gilfanov, Marat I"]
[Black "Zvjaginsev, Vadim"]
[Result "0-1"]
[WhiteElo "2391"]
[BlackElo "2545"]
[PlyCount "68"]
[EventDate "2025.01.12"]
[EventType "team-match (rapid)"]
[EventRounds "8"]
[EventCountry "RUS"]
[SourceTitle "CB04_2025"]
[SourceDate "2025.01.22"]
[SourceVersion "1"]
[SourceVersionDate "2025.01.22"]
[SourceQuality "1"]
[WhiteTeam "Youth"]
[BlackTeam "Experience"]
[WhiteTeamCountry "RUS"]
[BlackTeamCountry "RUS"]

1. e4 c5 2. Nf3 d6 3. d4 cxd4 4. Nxd4 Nf6 5. Nc3 a6 6. Qd3 g6 7. Bg5 Bg7 8. 0-0-0 Nbd7 9. f4 0-0 10. Be2 Qc7 11. Qe3 e5 12. fxe5 dxe5 13. Nb3 b5 14. Rhf1 Bb7 15. Kb1 Rac8 16. Rd2 b4 17. Nd5 Nxd5 18. exd5 f6 19. Bh4 Nb6 20. d6 Nc4 21. Bxc4+ Qxc4 22. Qf2 Bh6 23. d7 Rcd8 24. Na5 Qb5 25. Nxb7 Qxb7 26. Rd6 Rxd7 27. Rxf6 Rxf6 28. Bxf6 Rf7 29. Qe2 Qb5 30. Qxb5 axb5 31. Rf2 Bg5 32. Bxg5 Rxf2 33. Kc1 Rxg2 34. Bd2 Rg1+ 0-1

[Event "Moscow Dvoretsky Memorial Rapid"]
[Site "Moscow"]
[Date "2025.01.13"]
[Round "7.4"]
[White "Uskov, Artem"]
[Black "Zvjaginsev, Vadim"]
[Result "1-0"]
[WhiteElo "2440"]
[BlackElo "2545"]
[PlyCount "89"]
[EventDate "2025.01.12"]
[EventType "team-match (rapid)"]
[EventRounds "8"]
[EventCountry "RUS"]
[SourceTitle "CB04_2025"]
[SourceDate "2025.01.22"]
[SourceVersion "1"]
[SourceVersionDate "2025.01.22"]
[SourceQuality "1"]
[WhiteTeam "Youth"]
[BlackTeam "Experience"]
[WhiteTeamCountry "RUS"]
[BlackTeamCountry "RUS"]

1. e4 c5 2. Nf3 Nc6 3. d4 cxd4 4. Nxd4 g6 5. c4 Nf6 6. Nc3 Nxd4 7. Qxd4 d6 8. Be2 Bg7 9. Be3 0-0 10. Qd2 a5 11. f3 a4 12. Kf2 Re8 13. Rhd1 Bd7 14. b4 axb3 15. axb3 Qc7 16. Bd4 Bc6 17. b4 b6 18. Rac1 Qb8 19. h4 h5 20. Qb2 Bh6 21. Ra1 Rxa1 22. Qxa1 e5 23. Be3 Bxe3+ 24. Kxe3 Qc7 25. Kf2 Ra8 26. Qb2 Kg7 27. g3 Rd8 28. Ra1 Ra8 29. Rd1 Rd8 30. Qd2 Qa7 31. Qe3 Be8 32. Rd2 Qa3 33. Qxb6 Rc8 34. Nd1 Rc6 35. Qb8 Qc1 36. Rxd6 Nd7 37. Rxd7 Bxd7 38. Qxe5+ Kg8 39. Qc3 Qb1 40. Qd3 Qxd3 41. Bxd3 Ra6 42. Ke3 Kf8 43. Nc3 Ra1 44. c5 Rg1 45. b5 1-0

[Event "Moscow Dvoretsky Memorial Rapid"]
[Site "Moscow"]
[Date "2025.01.12"]
[Round "1.4"]
[White "Shogdzhiev, Roman Sav"]
[Black "Zvjaginsev, Vadim"]
[Result "0-1"]
[WhiteElo "2348"]
[BlackElo "2545"]
[PlyCount "78"]
[EventDate "2025.01.12"]
[EventType "team-match (rapid)"]
[EventRounds "8"]
[EventCountry "RUS"]
[SourceTitle "CB04_2025"]
[SourceDate "2025.01.22"]
[SourceVersion "1"]
[SourceVersionDate "2025.01.22"]
[SourceQuality "1"]
[WhiteTeam "Youth"]
[BlackTeam "Experience"]
[WhiteTeamCountry "RUS"]
[BlackTeamCountry "RUS"]

1. e4 c5 2. Nf3 d6 3. d4 cxd4 4. Nxd4 Nf6 5. Nc3 a6 6. h3 g6 7. g3 Bg7 8. Bg2 0-0 9. 0-0 Nc6 10. Be3 Nd7 11. a4 Rb8 12. Kh2 Re8 13. f4 e5 14. Nde2 exf4 15. gxf4 Nf6 16. Qd2 Be6 17. b3 Qa5 18. Qxd6 Qh5 19. Qc5 Ng4+ 20. Kg1 Nxe3 21. Qxe3 Nb4 22. Rac1 Rbc8 23. e5 f6 24. Nd4 fxe5 25. Nxe6 Rxe6 26. Nd5 Nc6 27. Kh1 Kh8 28. c3 e4 29. Rce1 Qxd5 30. Bxe4 Rce8 31. Bxd5 Rxe3 32. Rxe3 Rxe3 33. Kg2 Bxc3 34. f5 Ne7 35. Bxb7 Nxf5 36. Bxa6 Rg3+ 37. Kh2 Be5 38. Bc4 Rxb3+ 39. Kg1 Bd4+ 0-1

[Event "Moscow Dvoretsky Memorial Rapid"]
[Site "Moscow"]
[Date "2025.01.12"]
[Round "3.4"]
[White "Zverev, Lev"]
[Black "Zvjaginsev, Vadim"]
[Result "1/2-1/2"]
[WhiteElo "2421"]
[BlackElo "2545"]
[PlyCount "47"]
[EventDate "2025.01.12"]
[EventType "team-match (rapid)"]
[EventRounds "8"]
[EventCountry "RUS"]
[SourceTitle "CB04_2025"]
[SourceDate "2025.01.22"]
[SourceVersion "1"]
[SourceVersionDate "2025.01.22"]
[SourceQuality "1"]
[WhiteTeam "Youth"]
[BlackTeam "Experience"]
[WhiteTeamCountry "RUS"]
[BlackTeamCountry "RUS"]

1. e4 c5 2. Nf3 Nc6 3. d4 cxd4 4. Nxd4 g6 5. Nc3 Bg7 6. Be3 Nf6 7. Bc4 0-0 8. Bb3 a5 9. 0-0 Nxd4 10. Bxd4 d6 11. Qe2 Bd7 12. Rad1 Bc6 13. e5 dxe5 14. Bxe5 Qc8 15. Nb5 Qg4 16. f3 Qh5 17. Nd4 Ng4 18. Bg3 Bxd4+ 19. Rxd4 Qc5 20. Qc4 Qxc4 21. Bxc4 Ne3 22. Rc1 Nxc4 23. Rxc4 f6 24. Rd4 1/2-1/2

[Event "Moscow Dvoretsky Memorial Rapid"]
[Site "Moscow"]
[Date "2025.01.12"]
[Round "2.4"]
[White "Zvjaginsev, Vadim"]
[Black "Uskov, Artem"]
[Result "1-0"]
[WhiteElo "2545"]
[BlackElo "2440"]
[PlyCount "141"]
[EventDate "2025.01.12"]
[EventType "team-match (rapid)"]
[EventRounds "8"]
[EventCountry "RUS"]
[SourceTitle "CB04_2025"]
[SourceDate "2025.01.22"]
[SourceVersion "1"]
[SourceVersionDate "2025.01.22"]
[SourceQuality "1"]
[WhiteTeam "Experience"]
[BlackTeam "Youth"]
[WhiteTeamCountry "RUS"]
[BlackTeamCountry "RUS"]

1. c4 e5 2. Nc3 Bb4 3. d4 exd4 4. Qxd4 Nf6 5. Bg5 Nc6 6. Qe3+ Qe7 7. Qxe7+ Kxe7 8. Rc1 d6 9. e3 h6 10. Bxf6+ Kxf6 11. Nge2 Ne5 12. Nf4 c6 13. Be2 g6 14. 0-0 Be6 15. a3 Ba5 16. b4 Bc7 17. Ncd5+ cxd5 18. cxd5 Bb6 19. dxe6 fxe6 20. Nd3 Nxd3 21. Bxd3 Rhc8 22. g3 d5 23. Kg2 g5 24. Kf3 h5 25. Ke2 Ke5 26. a4 Bd8 27. f4+ gxf4 28. gxf4+ Kd6 29. e4 dxe4 30. Bxe4 Rxc1 31. Rxc1 Rb8 32. Rd1+ Ke7 33. Rg1 Kf7 34. Bg6+ Kf6 35. Bxh5 Bc7 36. Kf3 Rh8 37. Rg6+ Ke7 38. Bg4 Rxh2 39. Rxe6+ Kf7 40. Re4 Rc2 41. Be6+ Kf6 42. Bd5 Kf5 43. Re3 Rb2 44. Re7 Bd6 45. Rf7+ Kg6 46. Rxb7 Rxb4 47. Be4+ Kf6 48. Rxa7 Rb3+ 49. Kg4 Rb4 50. Ra6 Ke6 51. Kf3 Rb3+ 52. Ke2 Ke7 53. f5 Ra3 54. Bd5 Ra1 55. Bc4 Rc1 56. f6+ Kd7 57. Bb5+ Kc7 58. Ra8 Bb4 59. f7 Rc2+ 60. Kf3 Bc5 61. Ke4 Rf2 62. Kd5 Rf5+ 63. Ke6 Rf3 64. a5 Bb4 65. a6 Re3+ 66. Kd5 Rf3 67. Ra7+ Kc8 68. Rb7 Bf8 69. Bd7+ Kd8 70. a7 Ra3 71. Bc6 1-0

[Event "Moscow Dvoretsky Memorial"]
[Site "Moscow"]
[Date "2025.01.11"]
[Round "4.4"]
[White "Zvjaginsev, Vadim"]
[Black "Gilfanov, Marat I"]
[Result "1-0"]
[WhiteElo "2545"]
[BlackElo "2391"]
[PlyCount "99"]
[EventDate "2025.01.08"]
[EventType "team-match"]
[EventRounds "4"]
[EventCountry "RUS"]
[SourceTitle "CB04_2025"]
[SourceDate "2025.01.22"]
[SourceVersion "1"]
[SourceVersionDate "2025.01.22"]
[SourceQuality "1"]
[WhiteTeam "Experience"]
[BlackTeam "Youth"]
[WhiteTeamCountry "RUS"]
[BlackTeamCountry "RUS"]

1. c4 e6 2. g3 d5 3. Bg2 d4 4. Nf3 Nc6 5. 0-0 Bc5 6. d3 Nf6 7. e3 0-0 8. exd4 Nxd4 9. Nxd4 Bxd4 10. Nd2 e5 11. Nb3 Bf5 12. Nxd4 Qxd4 13. Bxb7 Rab8 14. Be3 Qxd3 15. Bg2 Rxb2 16. Bxa7 Qxc4 17. Re1 Be4 18. Rc1 Qxa2 19. Ra1 Qc4 20. Rc1 Qa2 21. Ra1 Qc4 22. Rc1 Rc2 23. Bxe4 Rxc1 24. Qxc1 Qxc1 25. Bxh7+ Kxh7 26. Rxc1 Nd5 27. Rd1 c6 28. Rb1 Kg6 29. Rb7 Kf6 30. Bc5 Rc8 31. h4 g6 32. Kg2 Ke6 33. Ra7 Rc7 34. Ra8 Nf6 35. Kf3 Kd5 36. Ra5 Ke6 37. Ra8 Rb7 38. Be3 Rb2 39. Rc8 Rc2 40. Bg5 Rc3+ 41. Ke2 Nd7 42. Re8+ Kd6 43. f4 Rxg3 44. fxe5+ Kd5 45. e6 fxe6 46. Rd8 Kd6 47. Bf4+ Ke7 48. Rxd7+ Kxd7 49. Bxg3 Ke7 50. Be5 1-0

[Event "RUS Cup final"]
[Site "Khanty-Mansiysk"]
[Date "2024.12.16"]
[Round "3.2"]
[White "Zvjaginsev, Vadim"]
[Black "Iljiushenok, Ilia"]
[Result "1/2-1/2"]
[WhiteElo "2536"]
[BlackElo "2522"]
[PlyCount "109"]
[EventDate "2024.12.11"]
[EventType "k.o."]
[EventRounds "4"]
[EventCountry "RUS"]
[SourceTitle "CB52_2024"]
[SourceDate "2024.12.25"]
[SourceVersion "1"]
[SourceVersionDate "2024.12.25"]
[SourceQuality "1"]

1. Nf3 d5 2. g3 Nf6 3. Bg2 e6 4. 0-0 Bd6 5. d4 0-0 6. c4 Nc6 7. Nbd2 a5 8. a3 Ne4 9. Qc2 f5 10. b3 Qe8 11. Bb2 b6 12. Rac1 Bb7 13. Ne5 Ne7 14. cxd5 exd5 15. f3 Nxd2 16. Qxd2 Qb5 17. Qe3 Kh8 18. f4 Ng8 19. Bh3 a4 20. b4 Rae8 21. Qd3 Qxd3 22. exd3 Ba6 23. Rfe1 Bb5 24. Kf2 g6 25. Bg2 Nf6 26. h3 Kg7 27. Bf3 h5 28. Ke3 Kh6 29. Rc2 Re7 30. Kd2 Kg7 31. Rg1 Rh8 32. Rg2 Rh6 33. Rc1 Re6 34. Re1 Re7 35. Kd1 Be8 36. Bc1 Rh8 37. Bb2 Rh6 38. Reg1 Re6 39. Bc1 Rh8 40. Be3 Rh7 41. Re2 Re7 42. Bf2 Rh8 43. Kd2 Rh7 44. Rge1 Rh8 45. Bg2 Bb5 46. Bf3 Be8 47. Rg1 Re6 48. Ree1 Re7 49. Rg2 Rh6 50. Reg1 Re6 51. Be3 Rh8 52. Kc3 Rh7 53. Kd2 Rh8 54. Bd1 Rh7 55. Bf3 1/2-1/2

[Event "RUS Cup final"]
[Site "Khanty-Mansiysk"]
[Date "2024.12.16"]
[Round "3.4"]
[White "Zvjaginsev, Vadim"]
[Black "Iljiushenok, Ilia"]
[Result "1/2-1/2"]
[WhiteElo "2536"]
[BlackElo "2522"]
[PlyCount "37"]
[EventDate "2024.12.11"]
[EventType "k.o."]
[EventRounds "4"]
[EventCountry "RUS"]
[SourceTitle "CB52_2024"]
[SourceDate "2024.12.25"]
[SourceVersion "1"]
[SourceVersionDate "2024.12.25"]
[SourceQuality "1"]

1. e4 c5 2. Nf3 d6 3. Bb5+ Nd7 4. 0-0 a6 5. Bxd7+ Bxd7 6. Re1 Nf6 7. e5 dxe5 8. Nxe5 Be6 9. d3 g6 10. c4 Bg7 11. Nc3 0-0 12. Qf3 b5 13. Bg5 Re8 14. Nc6 Qd7 15. Nxe7+ Qxe7 16. Ne4 Bg4 17. Nxf6+ Bxf6 18. Rxe7 Bxf3 19. Bxf6 1/2-1/2

[Event "RUS Cup final"]
[Site "Khanty-Mansiysk"]
[Date "2024.12.13"]
[Round "2.1"]
[White "Zvjaginsev, Vadim"]
[Black "Pridorozhni, Aleksei"]
[Result "1-0"]
[WhiteElo "2536"]
[BlackElo "2493"]
[PlyCount "39"]
[EventDate "2024.12.11"]
[EventType "k.o."]
[EventRounds "4"]
[EventCountry "RUS"]
[SourceTitle "CB52_2024"]
[SourceDate "2024.12.25"]
[SourceVersion "1"]
[SourceVersionDate "2024.12.25"]
[SourceQuality "1"]

1. e4 e5 2. Bc4 Nf6 3. d3 c6 4. Nf3 d5 5. Bb3 a5 6. a4 Bd6 7. Nc3 Be6 8. Bg5 dxe4 9. Bxf6 gxf6 10. Nh4 exd3 11. Bxe6 fxe6 12. Qxd3 Bb4 13. Qh3 Bxc3+ 14. bxc3 Qd7 15. 0-0 Rg8 16. f4 e4 17. Rad1 Qe7 18. Rfe1 Qc5+ 19. Kh1 f5 20. Rxe4 1-0

[Event "RUS Cup final"]
[Site "Khanty-Mansiysk"]
[Date "2024.12.11"]
[Round "1.1"]
[White "Volkov, Sergey"]
[Black "Zvjaginsev, Vadim"]
[Result "1/2-1/2"]
[WhiteElo "2398"]
[BlackElo "2536"]
[PlyCount "108"]
[EventDate "2024.12.11"]
[EventType "k.o."]
[EventRounds "4"]
[EventCountry "RUS"]
[SourceTitle "CB52_2024"]
[SourceDate "2024.12.25"]
[SourceVersion "1"]
[SourceVersionDate "2024.12.25"]
[SourceQuality "1"]

1. d4 d5 2. Bf4 e6 3. e3 Bd6 4. Bg3 Qe7 5. Nd2 e5 6. dxe5 Bxe5 7. Bxe5 Qxe5 8. c4 Nf6 9. Qb3 dxc4 10. Bxc4 0-0 11. Ngf3 Qe7 12. 0-0 Nc6 13. Qc3 Be6 14. Bb5 Bd5 15. Rac1 Rac8 16. Bxc6 Bxc6 17. Nd4 Bd7 18. b4 a6 19. Qc5 Qxc5 20. bxc5 Bb5 21. Rfe1 Rfd8 22. N2b3 Rd5 23. f3 g6 24. Kf2 Nd7 25. e4 Rh5 26. Kg1 Re5 27. f4 Ree8 28. e5 Ba4 29. c6 bxc6 30. Nxc6 Nb6 31. Nbd4 Nd5 32. g3 Ne7 33. Re4 Bb5 34. Na7 Ra8 35. Naxb5 axb5 36. Re2 b4 37. Rxc7 Nd5 38. Rb7 Reb8 39. Rxb8+ Rxb8 40. Rb2 Rc8 41. Nc2 Rc4 42. Kf2 Nc3 43. Rxb4 Nd1+ 44. Ke1 Rxc2 45. Kxd1 Rxa2 46. h4 h5 47. Rb3 Kf8 48. Ke1 Ke7 49. Re3 Ke6 50. Re2 Ra3 51. Kf2 f6 52. exf6+ Kxf6 53. Re3 Ra5 54. Kf3 Kf5 1/2-1/2

[Event "Leninskiy Dokhoian Memorial Rapid"]
[Site "Leninskiy"]
[Date "2024.11.17"]
[Round "7"]
[White "Novozhilov, Semen"]
[Black "Zvjaginsev, Vadim"]
[Result "1/2-1/2"]
[WhiteElo "2332"]
[BlackElo "2540"]
[PlyCount "48"]
[EventDate "2024.11.16"]
[EventType "swiss (rapid)"]
[EventRounds "11"]
[EventCountry "RUS"]
[SourceTitle "CB47_2024"]
[SourceDate "2024.11.20"]
[SourceVersion "1"]
[SourceVersionDate "2024.11.20"]
[SourceQuality "1"]

1. d4 Nf6 2. c4 e6 3. Nf3 Bb4+ 4. Bd2 Bxd2+ 5. Nfxd2 0-0 6. g3 Nc6 7. e3 e5 8. d5 Ne7 9. Bg2 d6 10. 0-0 h5 11. h3 g6 12. Nc3 Kg7 13. e4 h4 14. g4 g5 15. Nf3 Nh7 16. Qd2 Ng6 17. Nd1 Nf4 18. Ne3 Qf6 19. Nh2 Rd8 20. Rfc1 c5 21. Bf1 Qe7 22. b4 b6 23. b5 Nf6 24. f3 a5 1/2-1/2

[Event "Leninskiy Dokhoian Memorial Rapid"]
[Site "Leninskiy"]
[Date "2024.11.16"]
[Round "1"]
[White "Siverin, Vladislav"]
[Black "Zvjaginsev, Vadim"]
[Result "0-1"]
[WhiteElo "1716"]
[BlackElo "2540"]
[PlyCount "116"]
[EventDate "2024.11.16"]
[EventType "swiss (rapid)"]
[EventRounds "11"]
[EventCountry "RUS"]
[SourceTitle "CB47_2024"]
[SourceDate "2024.11.20"]
[SourceVersion "1"]
[SourceVersionDate "2024.11.20"]
[SourceQuality "1"]

1. Nf3 d6 2. d4 Nf6 3. c4 g6 4. Nc3 Bf5 5. Bg5 Bg7 6. e3 Ne4 7. Nxe4 Bxe4 8. Bd3 Bxd3 9. Qxd3 0-0 10. 0-0 Nc6 11. Rad1 h6 12. Bh4 a5 13. Rfe1 Qd7 14. Bg3 f5 15. h3 g5 16. a3 Rae8 17. Qb3 Nd8 18. c5+ Kh8 19. cxd6 exd6 20. Qd5 b6 21. Be5 Re7 22. Bxg7+ Rxg7 23. g3 Nc6 24. Nh2 Ne7 25. Qf3 c6 26. e4 d5 27. exf5 Qxf5 28. Qxf5 Nxf5 29. Re6 Rc7 30. Ng4 Kg7 31. Ne5 Rf6 32. Rxf6 Kxf6 33. Rd3 h5 34. f4 gxf4 35. gxf4 a4 36. Kf2 b5 37. Rd1 Rg7 38. Nxc6 Nd6 39. Nb4 Ne4+ 40. Kf1 Ke6 41. Rd3 Rc7 42. Rd1 h4 43. Ke2 Rg7 44. Kf1 Kf5 45. Nxd5 Rg3 46. Ke2 Rxh3 47. Rg1 Rb3 48. Ne3+ Kf6 49. Rd1 h3 50. Kf3 Nd6 51. Rh1 Nc4 52. Rxh3 Rxe3+ 53. Kg4 Rxh3 54. Kxh3 Nxb2 55. Kg4 b4 56. axb4 a3 57. b5 Nc4 58. d5 a2 0-1

[Event "Leninskiy Dokhoian Memorial Rapid"]
[Site "Leninskiy"]
[Date "2024.11.16"]
[Round "6"]
[White "Zvjaginsev, Vadim"]
[Black "Lisenkov, Svyatoslav"]
[Result "1-0"]
[WhiteElo "2540"]
[BlackElo "2153"]
[PlyCount "51"]
[EventDate "2024.11.16"]
[EventType "swiss (rapid)"]
[EventRounds "11"]
[EventCountry "RUS"]
[SourceTitle "CB47_2024"]
[SourceDate "2024.11.20"]
[SourceVersion "1"]
[SourceVersionDate "2024.11.20"]
[SourceQuality "1"]

1. b3 e5 2. Bb2 Nc6 3. Nf3 e4 4. Nd4 Nf6 5. e3 Bc5 6. Be2 0-0 7. 0-0 Bxd4 8. exd4 d5 9. d3 Bf5 10. dxe4 Nxe4 11. f3 Nf6 12. Qd2 a6 13. Nc3 Re8 14. Nd1 Qe7 15. Re1 Rad8 16. c3 h5 17. Nf2 Qd6 18. Bf1 Bg6 19. Rad1 Ne7 20. Bc1 Nf5 21. Nd3 Nd7 22. Nf4 h4 23. Bd3 Bh7 24. Qc2 g6 25. Bxf5 gxf5 26. Qf2 1-0

[Event "Chigorin Memorial 31st"]
[Site "St Petersburg"]
[Date "2024.11.03"]
[Round "9"]
[White "Zvjaginsev, Vadim"]
[Black "Remizov, Yaroslav"]
[Result "1/2-1/2"]
[WhiteElo "2540"]
[BlackElo "2423"]
[PlyCount "27"]
[EventDate "2024.10.26"]
[EventType "swiss"]
[EventRounds "9"]
[EventCountry "RUS"]
[SourceTitle "CB45_2024"]
[Source "ChessBase"]
[SourceDate "2024.11.06"]
[SourceVersion "1"]
[SourceVersionDate "2024.11.06"]
[SourceQuality "1"]

1. e4 e5 2. Nf3 Nc6 3. Bb5 Nf6 4. 0-0 Nxe4 5. d4 Nd6 6. dxe5 Nxb5 7. a4 Nbd4 8. Nxd4 Nxd4 9. Qxd4 d5 10. exd6 Qxd6 11. Qe4+ Qe6 12. Qd4 Qd6 13. Qe4+ Qe6 14. Qd4 1/2-1/2